000 00240nam a2200097Ia 4500
005 20251222114350.0
008 251222s1900||||xx |||||||||||||| ||spa||
082 _aDVD0080/G96/1990
245 0 _aEl Quijote: de Miguel de Cervantes:
942 _cDVD
999 _c1203
_d1203